Bersuch einer Lebensbeschreibung des Feldmarschalls Krafen von Sectendorff, meist aus ungedrucften Nachrichten bearbeitet. (Record no. 5580)
[ view plain ]
| 000 -CABECERA | |
|---|---|
| campo de control de longitud fija | 00650nam a2200217 a 4500 |
| 001 - NÚMERO DE CONTROL | |
| campo de control | BRCA_5891 |
| 005 - FECHA Y HORA DE LA ÚLTIMA TRANSACCIÓN | |
| campo de control | 20190320205243.0 |
| 008 - DATOS DE LONGITUD FIJA--INFORMACIÓN GENERAL | |
| campo de control de longitud fija | 170311s1792----gw-#######---#000-0#ger-# |
| 041 ## - CÓDIGO DE LENGUA | |
| Código de lengua del texto/banda sonora o título independiente | ger |
| 044 ## - CÓDIGO DEL PAÍS DE LA ENTIDAD EDITORA/PRODUCTORA | |
| Código MARC del país | gw |
| 050 #4 - SIGNATURA TOPOGRÁFICA DE LA BIBLIOTECA DEL CONGRESO | |
| Número de clasificación | PN5053 |
| Número de documento/Ítem | .T44 1 |
| -- | 1792 |
| 100 1# - ENTRADA PRINCIPAL--NOMBRE DE PERSONA | |
| Nombre de persona | Theil, Erster. |
| 9 (RLIN) | 14895 |
| 245 10 - MENCIÓN DE TÍTULO | |
| Título | Bersuch einer Lebensbeschreibung des Feldmarschalls Krafen von Sectendorff, meist aus ungedrucften Nachrichten bearbeitet. |
| 260 ## - PUBLICACIÓN, DISTRIBUCIÓN, ETC. | |
| Lugar de publicación, distribución, etc. | Leipzig |
| Nombre del editor, distribuidor, etc. | Heinr Graf von Seckendorff |
| Fecha de publicación, distribución, etc. | 1792 |
| 300 ## - DESCRIPCIÓN FÍSICA | |
| Extensión | 3 t. |
| 500 ## - NOTA GENERAL | |
| Nota general | Para el tomo 4 ver el I3 |
| 500 ## - NOTA GENERAL | |
| Nota general | H132 |
| 600 14 - PUNTO DE ACCESO ADICIONAL DE MATERIA--NOMBRE DE PERSONA | |
| Nombre de persona | Conde de Seckendorff |
| Subdivisión de forma | Biografía |
| 9 (RLIN) | 14896 |
| 902 ## - CATALOGADOR | |
| Iniciales | GFM |
| 942 ## - ELEMENTOS DE PUNTO DE ACCESO ADICIONAL (KOHA) | |
| Fuente del sistema de clasificación o colocación | Library of Congress Classification |
| Tipo de ítem Koha | Libros |
| Estado de retiro | Estado de pérdida | Estado dañado | No para préstamo | Localización permanente | Ubicación/localización actual | Fecha de adquisición | Número de inventario | Total de préstamos | Signatura topográfica completa | Código de barras | Fecha visto por última vez | Precio válido a partir de | Tipo de ítem Koha |
|---|---|---|---|---|---|---|---|---|---|---|---|---|---|
| El ejemplar forma parte de la colección y puede ser consultado según las políticas vigentes. | Biblioteca del Museo Franz Mayer (Rogerio Casas-Alatriste) | Biblioteca del Museo Franz Mayer (Rogerio Casas-Alatriste) | 17/03/2011 | H132 | PN5053 .T44 1 1792 (H132) | 6330 | 22/03/2019 | 22/03/2019 | Libros |